书目信息 |
| 题名: |
三国夹缝中的司马懿
|
|
| 作者: | 郭扶庚 著 | |
| 分册: | ||
| 出版信息: | 北京 东方出版社 2021.11 |
|
| 页数: | 13, 325页 | |
| 开本: | 24cm | |
| 丛书名: | ||
| 单 册: | ||
| 中图分类: | K827=361 | |
| 科图分类: | ||
| 主题词: | 政治家--zheng zhi jia--传记--中国--三国时代 | |
| 电子资源: | ||
| ISBN: | 978-7-5207-2033-5 | |
| 000 | 01343nam0 2200241 450 | |
| 001 | 25031 | |
| 005 | 20220921110452.39 | |
| 010 | @a978-7-5207-2033-5@dCNY78.00 | |
| 100 | @a20220310d2021 em y0chiy50 ea | |
| 101 | 0 | @achi |
| 102 | @aCN@b110000 | |
| 105 | @ay z 000yb | |
| 200 | 1 | @a三国夹缝中的司马懿@Asan guo jia feng zhong de si ma yi@f郭扶庚著 |
| 210 | @a北京@c东方出版社@d2021.11 | |
| 215 | @a13, 325页@d24cm | |
| 314 | @a郭扶庚, 河南温县人。光明日报高级编辑。历任光明日报教育周刊主编、教育部副主任、《考试》杂志社长兼主编。现为光明日报《国学》《文学遗产》《语言文字》和《教育焦点》版负责人。 | |
| 330 | @a本书写了司马懿坚韧不拔、献身社稷的传奇人生, 以及他在三国夹缝中韬光养晦、有所作为的心路历程。全书力求使用经典史料, 并汲取民间传说等养分, 描摹司马懿真实的人生经历, 并对其行为逻辑进行心理分析。具体内容包括: 曹操辞世, 此消彼长 ; 我本书生, 晴耕雨读 ; 躲避出仕, 至暗时刻 ; 步步惊心, 朋辈新鬼 ; 跟定曹操, 亦师亦友 ; 助力曹丕, 七年磨砺 ; 初尝兵权, 一展身手 ; 遭遇孔明, 难分伯仲 ; 辅佐曹叡, 艰难支撑 ; 明辅曹芳, 暗斗曹爽 ; 最后一战, 命终洛阳 ; 前赴后继, 三国归晋 ; 天道轮回, 重蹈覆辙。 | |
| 600 | 0 | @a司马懿,@Asi ma yi@f179-251@x传记 |
| 606 | 0 | @a政治家@Azheng zhi jia@x传记@y中国@z三国时代 |
| 690 | @aK827=361@v5 | |
| 701 | 0 | @a郭扶庚@Aguo fu geng@4著 |
| 801 | 0 | @aCN@c20220910 |
| 905 | @a河南城建学院图书馆@dK827=361@eS701@f2 | |
| 三国夹缝中的司马懿/郭扶庚著.-北京:东方出版社,2021.11 |
| 13, 325页;24cm |
| ISBN 978-7-5207-2033-5:CNY78.00 |
| 本书写了司马懿坚韧不拔、献身社稷的传奇人生, 以及他在三国夹缝中韬光养晦、有所作为的心路历程。全书力求使用经典史料, 并汲取民间传说等养分, 描摹司马懿真实的人生经历, 并对其行为逻辑进行心理分析。具体内容包括: 曹操辞世, 此消彼长 ; 我本书生, 晴耕雨读 ; 躲避出仕, 至暗时刻 ; 步步惊心, 朋辈新鬼 ; 跟定曹操, 亦师亦友 ; 助力曹丕, 七年磨砺 ; 初尝兵权, 一展身手 ; 遭遇孔明, 难分伯仲 ; 辅佐曹叡, 艰难支撑 ; 明辅曹芳, 暗斗曹爽 ; 最后一战, 命终洛阳 ; 前赴后继, 三国归晋 ; 天道轮回, 重蹈覆辙。 |
| ● |
| 相关链接 |
|
|
|
正题名:三国夹缝中的司马懿
索取号:K827=361/S701
 
预约/预借
| 序号 | 登录号 | 条形码 | 馆藏地/架位号 | 状态 | 备注 |
| 1 | 1575677 | 215756778 | 社科库309/309社科库 58排1列1层/ [索取号:K827=361/S701] | 在馆 | |
| 2 | 1575678 | 215756787 | 社科库309/309社科库 58排1列1层/ [索取号:K827=361/S701] | 在馆 |